000 00563nam a2200181Ia 4500
008 090124s9999 xx 000 0 und d
082 _b38703
100 _aकेळकर अरुण
245 _a अनिवासी भारतीय
250 _a1
260 _bऔदुंबर प्रकाशन
_c2002
300 _a107
600 _aकेळकर अरुण
630 _a अनिवासी भारतीय
700 _aकेळकर अरुण
730 _a अनिवासी भारतीय
942 _cBOOK
999 _c104884
_d104884